000
00360nam a2200157Ia 4500
008
210716s1995 xx 000 0 und d
020
_a
9780099552418
041
_a
eng
082
_a
158.1 HART
100
_a
Harris, Thomas A.
245
_a
I'm ok you're ok.
250
_a
1
260
_a
Australia
_c
1995
300
_a
269
650
_a
General Management
999
_c
198059
_d
198059